000 01101nam a22002537a 4500
005 20170124103207.0
010 _aB-073784
020 _c275.00
035 _aB-073784
037 _bCen Lib/Ret
040 _aDPL
_bHN
082 _a370.95401
_bकृष्णकु
100 _aकृष्णकुमार
_943304
245 _aप्राचीन भारत के शिक्षा पद्धति /
_cकृष्णकुमार
246 _aPrachin barat ki shiksha paddhti /
_bby Krishnkumar
260 _aनयी दिल्ली
_bश्री सरस्वती प्रकाशन
_c1999
270 _bनयी दिल्ली
_aए-1/32, सफदरजंग एन्क्लेव
_e110029
300 _axxxiv,402पृ.
_c22सेमी(सजिल्द )
650 _aशिक्षा
_x
_z
_994289
650 _aप्राचीन शिक्षा -- भारत
_9952
650 _aEducation
_91169
650 _aAncient Education - India
_994290
942 _2ddc
_cHN
_h370.95401
_mकृष्णकु
999 _c121065
_d121065